ბათუმის შოთა რუსთაველის სახელმწიფო უნივერსიტეტის ბიბლიოთეკა

Ортодонтия №1 (82) 20182 (ბიბ.ჩანაწერი № 55799)

000 -LEADER
fixed length control field 00513nam a2200193Ia 4500
001 - CONTROL NUMBER
control field 22896
003 - CONTROL NUMBER IDENTIFIER
control field GE_BSU
008 - FIXED-LENGTH DATA ELEMENTS--GENERAL INFORMATION
fixed length control field 181216s||||||||xx |||||||||||||| ||und||
040 ## - CATALOGING SOURCE
Transcribing agency GE_BSU
245 ## - TITLE STATEMENT
Title Ортодонтия №1 (82) 20182
245 ## - TITLE STATEMENT
Statement of responsibility, etc. Гл. ред. Л.В.Польма
260 ## - PUBLICATION, DISTRIBUTION, ETC.
Place of publication, distribution, etc. Москва
260 ## - PUBLICATION, DISTRIBUTION, ETC.
Date of publication, distribution, etc. 2018
300 ## - PHYSICAL DESCRIPTION
Extent 64 стр. 30см. илл.
653 ## - INDEX TERM--UNCONTROLLED
Uncontrolled term Ортодонтия №2 (82) 2018
653 ## - INDEX TERM--UNCONTROLLED
Uncontrolled term Периодика
653 ## - INDEX TERM--UNCONTROLLED
Uncontrolled term პერიოდიკა
942 ## - ADDED ENTRY ELEMENTS (KOHA)
Koha item type პერიოდიკა
ეგზემპლარები
Withdrawn status Lost status Damaged status Not for loan Date acquired Barcode Date last seen Price effective from Koha item type
        2018-12-17 p 79543 2018-12-17 2018-12-17 პერიოდიკა